|
|
|
|
| LEADER |
00000nam a22000007a 4500 |
| 005 |
20210531211857.0 |
| 007 |
cr|||| |||| |
| 008 |
210531c20169999es |||||s|||| 00||0 spa d |
| 035 |
|
|
|a 33617
|
| 040 |
|
|
|a vLex
|
| 090 |
|
|
|c 11761
|d 11761
|
| 245 |
0 |
0 |
|a Baremos anuales de accidentes de trf̀ico
|h [Recurso electrn̤ico] /
|
| 256 |
|
|
|a Servicio en ln̕ea
|
| 260 |
|
|
|a Barcelona:
|b Editorial vLex,
|c 2016 -
|
| 300 |
|
|
|a 1 recurso electrn̤ico
|
| 310 |
|
|
|a Anual
|
| 506 |
1 |
|
|a Disponible solo en los productos indicados
|d vLex Global
|d vLex Global (Academic Edition, excluding Law Schools)
|d vLex Global (U.S. Academic Edition, Law Schools)
|d vLex Global (U.S. Academic Edition, excluding Law Schools)
|d vLex Global (Academic Edition, Law Schools)
|
| 650 |
0 |
4 |
|a Trf̀ico
|z Espaą
|
| 650 |
0 |
4 |
|a Trf̀ico y Seguridad Vial
|z Espaą
|
| 740 |
0 |
|
|a vLex Revistas (Servicio en ln̕ea)
|
| 856 |
4 |
0 |
|u https://vlex.com/source/baremos-anuales-accidentes-trafico-33617
|z Acceso restringido
|
| 942 |
|
|
|c REV
|
| 999 |
0 |
|
|a Traffic
|
| 999 |
0 |
|
|a Traffic and Road Safety
|